| 000 | 00569nam a2200181Ia 4500 | ||
|---|---|---|---|
| 005 | 20250508152010.0 | ||
| 008 | 008 250505s9999 xx 000 0 eng d | ||
| 037 | _aTextual | ||
| 040 |
_aFEDL _beng _cFEDL |
||
| 041 |
_aeng _2eng |
||
| 084 |
_a377.1, BRO _qFEDL |
||
| 100 |
_aBrockway K Nora _9758805 |
||
| 245 | 0 | _aLarger way for women : Aspects of Christian education for girls in South India, 1712-1948 | |
| 260 |
_aAmen House, London _bOxford University Press _c1949 |
||
| 300 | _a189p | ||
| 942 |
_cTEXL _h377.1, BRO |
||
| 999 |
_c1333481 _d1333481 |
||